000
00433nam a2200169Ia 4500
008
090711s9999 xx 000 0 und d
082
_b
69555
100
_a
सावंत वसंत
245
_a
देवराई
260
_c
1990
300
_a
75
600
_a
सावंत वसंत
630
_a
देवराई
700
_a
सावंत वसंत
730
_a
देवराई
942
_c
BOOK
999
_c
291801
_d
291801